000
00381nam a2200133Ia 4500
008
151001s9999||||xx |||||||||||||| ||und||
100
_a
महादेव भिकू बेलोसे
245
_a
रक्तात भिजली माती
250
_a
1
260
_b
निंबकर आणि मं
260
_c
1978
300
_a
80
365
_b
18
999
_c
982054
_d
982051